000 00727nam a2200253 i 4500
001 bg
100 1 _aSZOZDA, Zbigniew
245 1 0 _aStateczność statku morskiego /
_cZbigniew Szozda ; Akademia Morska w Szczecinie.
260 _aSzczecin :
_bAM,
_c2004.
300 _a[2], 329, [1] s. :
_brys., wykr. ;
_c24 cm.
504 _aBibliogr. s. 291-292. Indeks.
650 9 _aStatki
_xmechanika
650 9 _aStateczność
655 _aPodręczniki akademickie
710 0 _aAkademia Morska (Szczecin)
015 _aPB 11999/2005
020 _a8389901005
040 _cBPK
041 0 _apol
080 _a629.5:531.2](075.8)
920 _a83-89901-00-5
942 _cKS
008 s pl f |000 0 pol
999 _c52099
_d52099
856 _uhttp://koha.tu.koszalin.pl/cgi-bin/koha/opac-detail.pl?biblionumber=52099
_yKatalog online BPK